| 000 | 00680nam a22001935i 4500 | ||
|---|---|---|---|
| 001 | 53672 | ||
| 003 | ES-MaACL | ||
| 005 | 20240515063037.0 | ||
| 007 | t| | ||
| 008 | 960704s1888 sp ||||1| spa d | ||
| 100 | 1 |
_aFernández Casanova, Adolfo, _d1843-1915 _949562 |
|
| 245 | 1 | 0 |
_aMemoria sobre las causas del hundimiento acaecido el 1º de agosto de 1888 en la Catedral de Sevilla / _c[Adolfo Fernández Casanova]. |
| 260 |
_aSevilla : _b[s.n.], _c1888 ( _fCasa de D. Evaristo Luque) |
||
| 300 |
_a60 p. ; _c29 cm. |
||
| 594 | _aAutor tomado del final del texto | ||
| 610 | 2 | 4 |
_aCatedral de Sevilla. _92525 |
| 852 | 4 |
_aES-MaACL _jT-516-F-6 |
|
| 999 |
_c53672 _d53672 |
||